Central Library OPAC University of Rajshahi

England under the Tudors / (Record no. 65433)

MARC details
000 -LEADER
fixed length control field 00912nam a2200265 a 4500
001 - CONTROL NUMBER
control field 65433
003 - CONTROL NUMBER IDENTIFIER
rucl marc code BD-RJUL
005 - DATE AND TIME OF LATEST TRANSACTION
control field 20211209081427.0
008 - FIXED-LENGTH DATA ELEMENTS--GENERAL INFORMATION
fixed length control field 170306s1959 enkbj b 001 0 eng d
035 ## - SYSTEM CONTROL NUMBER
System control number (BD-RjUL) 65563
040 ## - CATALOGING SOURCE
Original cataloging agency BD-RjUL
Language of cataloging eng
Transcribing agency BD-RjUL
Modifying agency BD-RjUL
041 ## - LANGUAGE CODE
Language code of text/sound track or separate title eng
082 ## - DEWEY DECIMAL CLASSIFICATION NUMBER
Edition number 23
Classification number 942.05
Author mark and year ELE 1959
100 1# - MAIN ENTRY--PERSONAL NAME
Personal name Elton, G. R.
Fuller form of name (Geoffrey Rudolph)
9 (RLIN) 193656
245 10 - TITLE STATEMENT
Title England under the Tudors /
Statement of responsibility, etc. by G.R. Elton.
260 ## - PUBLICATION, DISTRIBUTION, ETC. (IMPRINT)
Place of publication, distribution, etc. London :
Name of publisher, distributor, etc. Methuen,
Date of publication, distribution, etc. 1955[Reprinted 1959].
300 ## - PHYSICAL DESCRIPTION
Pagination xi, 504 p [1] folded leaf :
Illustrations ill. ;
Size 22 cm.
500 ## - GENERAL NOTE
General note Replaces the original volume of the same title by A.D. Innes.
504 ## - BIBLIOGRAPHY, ETC. NOTE
Bibliography, etc Includes bibliography and index.
600 30 - SUBJECT ADDED ENTRY--PERSONAL NAME
Personal name Tudor, House of.
650 ## - SUBJECT ADDED ENTRY--TOPICAL TERM
Topical term or geographic name as entry element England
General subdivision Civilization
9 (RLIN) 193658
651 #0 - SUBJECT ADDED ENTRY--GEOGRAPHIC NAME
Geographic name England
General subdivision Civilization
Chronological subdivision 16th century.
9 (RLIN) 193659
Geographic name Great Britain
General subdivision History
Chronological subdivision Tudors, 1485-1603.
9 (RLIN) 179075
942 ## - ADDED ENTRY ELEMENTS (KOHA)
Source of classification or shelving scheme Dewey Decimal Classification
Koha item type Books
Holdings
Lost status Source of classification or shelving scheme Damaged status Not for loan Collection code Permanent Location Current Location Shelving location Date acquired Source of acquisition Cost, normal purchase price Total Checkouts Full call number Date last seen Copy number Koha item type
  Dewey Decimal Classification   Not For Loan Non-fiction Central Library, University of Rajshahi Central Library, University of Rajshahi Reading Room 13/04/2009 Prevencial Book Report. 18.75   942.05 ELE 1959 06/03/2017 C-1 Books